Practice and Law of BANKING - II. (Record no. 701954)

MARC details
000 -LEADER
fixed length control field 00545nam a2200181Ia 4500
008 - FIXED-LENGTH DATA ELEMENTS--GENERAL INFORMATION
fixed length control field 100920s9999 xx 000 0 und d
082 ## - DEWEY DECIMAL CLASSIFICATION NUMBER
Item number 58235
Classification number 330 थ 89
100 ## - MAIN ENTRY--PERSONAL NAME
Personal name Lall G.S.
245 ## - TITLE STATEMENT
Title Practice and Law of BANKING - II.
260 ## - PUBLICATION, DISTRIBUTION, ETC. (IMPRINT)
Name of publisher, distributor, etc H.P.J. Kapoor , New Delhi.
Date of publication, distribution, etc 1989
300 ## - PHYSICAL DESCRIPTION
Extent 511
Other physical details साधी
365 ## - TRADE PRICE
Price amount 90
520 ## - SUMMARY, ETC.
Summary, etc अर्थशास्त्र.
630 ## - SUBJECT ADDED ENTRY--UNIFORM TITLE
Uniform title Practice and Law of BANKING - II.
650 ## - SUBJECT ADDED ENTRY--TOPICAL TERM
Topical term or geographic name as entry element अर्थशास्त्र.
730 ## - ADDED ENTRY--UNIFORM TITLE
Uniform title Practice and Law of BANKING - II.
942 ## - ADDED ENTRY ELEMENTS (KOHA)
Koha item type Book
Holdings
Withdrawn status Lost status Damaged status Not for loan Home library Current library Shelving location Date acquired Cost, normal purchase price Total Checkouts Barcode Date last seen Price effective from Koha item type Public note
        Shri Chhatrapati Pratapsinh Maharaj ( Thorle) Nagar Vachanalaya, Satara Shri Chhatrapati Pratapsinh Maharaj ( Thorle) Nagar Vachanalaya, Satara     90.00   SATVAC-58235 09/20/2010 09/20/2010 Book देवघेव